[Event "Schachfestival 2012"]
[Site "Bad WÃ¶rishofen"]
[Date "2012.03.10"]
[Round "9.20"]
[White "Höller, Armin"]
[Black "Babar, Michael"]
[Result "0-1"]
[WhiteElo "2063"]
[BlackElo "2203"]
[PlyCount "78"]
[EventDate "2012.??.??"]

1. e4 e5 2. Nf3 Nc6 3. Bb5 a6 4. Ba4 Nf6 5. O-O b5 6. Bb3 Be7 7. d3 d6 8. c3
O-O 9. h3 Na5 10. Bc2 c5 11. Re1 Nc6 12. Nbd2 Qc7 13. Nf1 d5 14. exd5 Nxd5 15.
Nxe5 Nxe5 16. Qh5 Bd6 17. d4 Nf6 18. Bxh7+ Nxh7 19. dxe5 Be7 20. Ne3 Qc6 21.
Nf5 Bxf5 22. Qxf5 Rad8 23. Qg4 Qe6 24. f4 Qxg4 25. hxg4 Rd3 26. Be3 Rfd8 27.
Kf2 Nf8 28. Rh1 f6 29. exf6 gxf6 30. Rh6 Rd1 31. Rh1 Rxh1 32. Rxh1 c4 33. f5
Nh7 34. Bd4 Ng5 35. Rb1 Bc5 36. Bxc5 Ne4+ 37. Ke2 Nxc5 38. b3 Ne4 39. Rc1 Rd3
0-1

[Event "Schachfestival 2012"]
[Site "Bad WÃ¶rishofen"]
[Date "2012.03.10"]
[Round "9.25"]
[White "Klamp, Christoph"]
[Black "Mader, Manuela"]
[Result "0-1"]
[WhiteElo "2090"]
[BlackElo "2201"]
[PlyCount "88"]
[EventDate "2012.??.??"]

1. e4 d5 2. exd5 Qxd5 3. Nf3 Nf6 4. d4 a6 5. c4 Qd6 6. Be2 Bg4 7. Qb3 b6 8. h3
Bc8 9. Be3 e6 10. O-O Nbd7 11. Rd1 c5 12. Qa4 Qc7 13. Nc3 Bb7 14. Ne5 cxd4 15.
Nxd7 Nxd7 16. Bxd4 Bd6 17. Qc2 f5 18. Bh5+ Ke7 19. Re1 g6 20. Bxh8 Rxh8 21. Bf3
Bxf3 22. gxf3 Qxc4 23. Qe2 Qxe2 24. Rxe2 Ne5 25. Rd1 Nxf3+ 26. Kg2 Ne5 27. f4
Nc6 28. Nd5+ Kf7 29. Nxb6 Bxf4 30. Nc4 Rd8 31. Rxd8 Nxd8 32. Kf3 g5 33. Ne5+
Ke7 34. Nd3 Bd6 35. Ne5 Bxe5 36. Rxe5 Nc6 37. Rc5 Kd6 38. Rc3 e5 39. Ra3 a5 40.
Rc3 e4+ 41. Ke3 Kd5 42. Rc2 f4+ 43. Kf2 e3+ 44. Ke1 Nd4 0-1

[Event "Schachfestival 2012"]
[Site "Bad WÃ¶rishofen"]
[Date "2012.03.10"]
[Round "9.39"]
[White "Mühlbach, Peter"]
[Black "Haugg, Gerhard"]
[Result "1-0"]
[WhiteElo "2124"]
[BlackElo "1949"]
[PlyCount "39"]
[EventDate "2012.??.??"]

1. c4 f5 2. d4 Nf6 3. Nc3 e6 4. Nf3 c6 5. g3 d5 6. Bg2 Bd6 7. Qc2 Ne4 8. O-O
O-O 9. Bf4 Bxf4 10. gxf4 Rf6 11. Rad1 Rh6 12. b3 Qd6 13. Ne5 Qe7 14. cxd5 Qh4
15. h3 Nxc3 16. Qxc3 Qxf4 17. dxc6 Nxc6 18. Nxc6 Bd7 19. Ne5 Rc8 20. Qg3 1-0

[Event "Schachfestival 2012"]
[Site "Bad WÃ¶rishofen"]
[Date "2012.03.10"]
[Round "9.79"]
[White "Di Cicco, Daniela"]
[Black "Tichacek, Alois"]
[Result "0-1"]
[WhiteElo "1502"]
[BlackElo "1773"]
[PlyCount "162"]
[EventDate "2012.??.??"]

1. d4 Nf6 2. Nf3 d6 3. h3 g6 4. Bf4 Bg7 5. e3 Nbd7 6. Nbd2 c5 7. c3 O-O 8. Be2
Re8 9. O-O a6 10. Re1 b5 11. a3 Bb7 12. Qc2 Rc8 13. Rac1 Qc7 14. Qb1 Qc6 15.
Bd3 Nh5 16. Bh2 e5 17. e4 c4 18. Bc2 Qb6 19. d5 Bh6 20. Re2 Nf4 21. Bxf4 Bxf4
22. g3 Bxg3 23. Kg2 Bf4 24. Rf1 Qd8 25. Rh1 Kg7 26. Qg1 Rh8 27. Nf1 Qe7 28.
N1h2 h5 29. h4 Rcg8 30. Kf1 f6 31. Qg2 Kf7 32. Rg1 Bc8 33. Ke1 Nc5 34. Kd1 g5
35. Qh1 g4 36. Ne1 Rg7 37. Ng2 Bh6 38. Ne3 Bxe3 39. Rxe3 f5 40. Nf1 f4 41. Re1
Rhg8 42. Rg2 Qd8 43. Nd2 a5 44. Reg1 Qb6 45. Ke1 Nd7 46. Rf1 Nf8 47. Kd1 Ng6
48. Rh2 Ke8 49. Kc1 Qd8 50. Bd1 f3 51. Rg1 Nf4 52. Kc2 Qf6 53. Nf1 Nh3 54. Ng3
Qxh4 55. Rf1 Rf8 56. Kb1 Qg5 57. Bc2 h4 58. Nf5 Bxf5 59. exf5 Rh8 60. Be4 Nf4
61. Rd1 h3 62. Qf1 g3 63. fxg3 Qxg3 64. Qf2 Qxf2 65. Rxf2 h2 66. Bxf3 Rg1 67.
Rff1 Nh3 68. Bh1 Nf2 69. Rxg1 hxg1=Q 70. Rxg1 Rxh1 71. Rxh1 Nxh1 72. Kc2 Kf7
73. Kd2 Kf6 74. Ke3 Ng3 75. a4 bxa4 76. Kf3 Nh5 77. Kg4 Nf4 78. Kf3 Nd3 79. Ke4
Nxb2 80. Ke3 a3 81. Kd2 a2 0-1

[Event "Schachfestival 2012"]
[Site "Bad Wörishofen"]
[Date "2012.03.10"]
[Round "9.26"]
[White "De Andres Gonalons, Fern"]
[Black "Leiber, Bernard"]
[Result "0-1"]
[WhiteElo "2084"]
[BlackElo "2190"]
[PlyCount "70"]
[EventDate "2012.??.??"]

1. d4 Nf6 2. c4 d6 3. Nc3 g6 4. Nf3 Bg7 5. g3 O-O 6. Bg2 Nbd7 7. O-O e5 8. e4
c6 9. h3 Re8 10. Be3 exd4 11. Nxd4 Nc5 12. Qc2 a5 13. Rad1 Nfd7 14. Nb3 Qe7 15.
Rfe1 Nxb3 16. axb3 Nc5 17. Na4 Nxa4 18. bxa4 Be6 19. Rd2 Rec8 20. c5 d5 21.
exd5 cxd5 22. Bxd5 Bxh3 23. Rc1 Be5 24. Qb3 Rc7 25. Rc4 Bf5 26. Rd1 Re8 27. Bd2
Rd7 28. Rcc1 Qf6 29. Bxa5 Bxb2 30. Re1 Ra8 31. Bc3 Bxc3 32. Rxc3 Rxd5 33. Qxd5
Qxc3 34. Re7 Be6 35. Qxb7 Rd8 0-1

[Event "Schachfestival 2012"]
[Site "Bad Wörishofen"]
[Date "2012.03.10"]
[Round "9.31"]
[White "Mack, Thomas"]
[Black "Dewenter, Ulf"]
[Result "0-1"]
[WhiteElo "2047"]
[BlackElo "2146"]
[PlyCount "32"]
[EventDate "2012.??.??"]

1. e4 Nf6 2. Nc3 d5 3. e5 d4 4. Nce2 Ng4 5. f4 h5 6. Nf3 c5 7. Ng3 g6 8. h3 Nh6
9. Bc4 e6 10. Ne4 Be7 11. O-O Nc6 12. c3 Bd7 13. b4 cxb4 14. cxd4 Nxd4 15. Nxd4
Qb6 16. Bb2 Nf5 0-1

[Event "Schachfestival 2012"]
[Site "Bad Wörishofen"]
[Date "2012.03.10"]
[Round "9.34"]
[White "Klein, Gereon"]
[Black "Lodes, Hermann"]
[Result "0-1"]
[WhiteElo "1982"]
[BlackElo "2126"]
[PlyCount "80"]
[EventDate "2012.??.??"]

1. Nf3 d5 2. d4 c6 3. c4 Nf6 4. Nc3 e6 5. cxd5 exd5 6. Bg5 h6 7. Bh4 Be7 8. Qc2
O-O 9. e3 Be6 10. Bd3 Nbd7 11. O-O Nh5 12. Bxe7 Qxe7 13. Bh7+ Kh8 14. Bf5 Nhf6
15. Rab1 Ne8 16. b3 Nd6 17. Bd3 f5 18. Ne5 Nxe5 19. dxe5 Ne4 20. f3 Nxc3 21.
Qxc3 f4 22. e4 Rad8 23. exd5 Rxd5 24. Rbc1 Qg5 25. Rce1 Rfd8 26. Bc4 Rd2 27.
Re2 Rxe2 28. Bxe2 Rd5 29. Bc4 Rxe5 30. Bxe6 Rxe6 31. Re1 Rxe1+ 32. Qxe1 Qc5+
33. Kf1 Qc2 34. Qe8+ Kh7 35. Qd7 Qb1+ 36. Ke2 Qxa2+ 37. Kf1 Qb1+ 38. Ke2 Qc2+
39. Kf1 b5 40. h4 a5 0-1

[Event "Schachfestival 2012"]
[Site "Bad Wörishofen"]
[Date "2012.03.10"]
[Round "9.40"]
[White "Sakowski, Christian"]
[Black "Schmitzer, Peter"]
[Result "0-1"]
[WhiteElo "1966"]
[BlackElo "2101"]
[PlyCount "72"]
[EventDate "2012.??.??"]

1. c4 Nf6 2. Nc3 e5 3. g3 c6 4. Bg2 d6 5. e4 Be7 6. Nge2 c5 7. d3 h6 8. h3 Nc6
9. O-O Nd4 10. Nxd4 cxd4 11. Nd5 Nxd5 12. cxd5 O-O 13. Qb3 f5 14. f3 fxe4 15.
fxe4 Rxf1+ 16. Bxf1 Bg5 17. Qd1 Bd7 18. Kh2 Rc8 19. Bd2 Bxd2 20. Qxd2 Qc7 21.
Re1 Qc2 22. Qxc2 Rxc2+ 23. Re2 Rc1 24. Rf2 Bb5 25. Kg2 Rd1 26. Rf3 a5 27. g4
Ra1 28. a3 Rd1 29. Kg3 Ba4 30. Rf2 Bb3 31. Be2 Rb1 32. Bf1 Rc1 33. Kg2 Bd1 34.
Kg3 b5 35. Kg2 b4 36. axb4 axb4 0-1

[Event "Schachfestival 2012"]
[Site "Bad Wörishofen"]
[Date "2012.03.10"]
[Round "9.56"]
[White "Van Eck, Ted"]
[Black "Ditmas, Hugh"]
[Result "0-1"]
[WhiteElo "2015"]
[BlackElo "1917"]
[PlyCount "74"]
[EventDate "2012.??.??"]

1. e4 c5 2. Nf3 Nc6 3. Nc3 Nf6 4. Bc4 e6 5. d4 Nxe4 6. Nxe4 d5 7. Nxc5 dxc4 8.
Ne4 Qd5 9. Nc3 Bb4 10. O-O Bxc3 11. bxc3 O-O 12. Re1 b6 13. Ne5 Bb7 14. Qg4 f5
15. Qg3 Nxe5 16. Rxe5 Qd7 17. a4 Rf6 18. f3 Bd5 19. a5 Rg6 20. Qf2 Qb7 21. Kf1
bxa5 22. Rxa5 Rb8 23. Re1 Qc7 24. Ra4 Qxh2 25. Ba3 h5 26. Rxa7 Ra8 27. Rxa8+
Bxa8 28. Be7 Bd5 29. Bh4 Qh1+ 30. Ke2 Qxg2 31. Rf1 Bxf3+ 32. Ke3 Be4 33. Be7
Rg3+ 34. Kd2 Qh3 35. Rg1 Rxc3 36. Rc1 Rf3 37. Qe2 c3+ 0-1

[Event "Schachfestival 2012"]
[Site "?"]
[Date "2012.03.09"]
[Round "8.2"]
[White "Pap, Misa"]
[Black "Zubarev, Alexander"]
[Result "1-0"]
[WhiteElo "2501"]
[BlackElo "2597"]
[PlyCount "197"]
[EventDate "2012.03.10"]
[SourceDate "2012.03.10"]

1. e4 d6 2. d4 Nf6 3. Nc3 g6 4. Be3 a6 5. f3 b5 6. Qd2 Bb7 7. g4 h5 8. g5 Nfd7
9. a4 b4 10. Nd1 c5 11. d5 Bg7 12. Nh3 O-O 13. Be2 a5 14. O-O Nb6 15. Nf4 N8d7
16. Bb5 Ba6 17. Bxa6 Rxa6 18. Qe2 Qc8 19. Ra2 c4 20. b3 Nc5 21. Bxc5 Qxc5+ 22.
Kh1 Ra7 23. Ng2 Re8 24. Nb2 Rc7 25. Ne3 cxb3 26. cxb3 Qc3 27. Nbc4 Nxc4 28.
Nxc4 Qxb3 29. Nxa5 Qc3 30. Rb1 Ra8 31. Nc6 Rxc6 32. dxc6 Qxc6 33. a5 b3 34.
Rxb3 Qc1+ 35. Kg2 Qxg5+ 36. Kh3 Rxa5 37. Rxa5 Qxa5 38. Qb5 Qxb5 39. Rxb5 Be5
40. Kg2 Kg7 41. h3 Kf6 42. Rb7 Ke6 43. Kf2 Bf4 44. Ke2 Bh2 45. Ke3 Bg1+ 46. Ke2
g5 47. Rb5 Bc5 48. Rb8 h4 49. f4 gxf4 50. Kf3 d5 51. Rh8 Be3 52. Rh5 d4 53. Ke2
Kf6 54. Rb5 e6 55. Rh5 Bg1 56. Rb5 Kg6 57. Rb8 Be3 58. Rb5 f6 59. Ra5 Bg1 60.
Ra8 Be3 61. Ra5 Kf7 62. Ra7+ Kg6 63. Re7 e5 64. Rd7 Bg1 65. Kf3 Be3 66. Kg4 Bf2
67. Kf3 Be1 68. Kg4 Bb4 69. Rb7 Bc5 70. Rc7 Bd6 71. Rd7 Bf8 72. Rb7 Bh6 73. Rd7
Bf8 74. Ra7 Bc5 75. Rc7 Bd6 76. Rd7 Bf8 77. Kxh4 f5 78. exf5+ Kxf5 79. Rf7+ Ke4
80. Rxf8 d3 81. Kg4 d2 82. Rd8 Ke3 83. h4 e4 84. h5 f3 85. h6 f2 86. h7 f1=Q
87. h8=Q Qf4+ 88. Kh3 Qf3+ 89. Kh2 d1=Q 90. Qc3+ Qd3 91. Qc1+ Ke2 92. Qb2+ Kf1
93. Qc1+ Kf2 94. Qc5+ Ke2 95. Rxd3 exd3 96. Qe5+ Kf1 97. Qg5 Qe2+ 98. Kh1 d2
99. Qg1# 1-0

e5 Ne4 17. Nxe4 dxe4 18. Rac1 Qb8 19. Bb4 Rc8 20. Bd6 Qa7 21.
Bc5 Qb8 22. Rf4 Bc6 23. Rcf1 Bd5 24. Qa3 f5 25. exf6 gxf6 26. Rxf6 1-0